000 00232nam a2200085Ia 4500
008 170620s9999 xx 000 0 und d
100 _aMacDougall- William
245 2 _aA Text Book of Psychology
260 _bNew Delhi- Discovery Publishing House
260 _c1994
999 _c25052
_d25052